| 000 | 00601nam a2200193 a 4500 | ||
|---|---|---|---|
| 005 | 20210223123351.0 | ||
| 008 | 991125s1970 bar 000 0 spa u | ||
| 035 | _aUPN01000052191 | ||
| 049 | _aCG | ||
| 050 | 4 |
_aDS777.55 _bG7.78 |
|
| 100 | 1 | _aGray, Jack | |
| 245 | 1 | 3 |
_aLa revolución cultural y la crisis china / _cJack Gray [y] Patrick Cavendish ; tr. Juan-Ramón Capella. |
| 260 |
_aBarcelona, Esp. : _bAriel, _c1970. |
||
| 300 | _a242 p. | ||
| 440 | 0 |
_aAriel quincenal ; _v36 |
|
| 651 | 4 |
_aCHINA - _xPOLITICA Y GOBIERNO - _y1949 _911875 |
|
| 700 | 1 |
_aCavedish, Patrick, _ecoaut. |
|
| 905 | _aLibro | ||
| 999 |
_c52191 _d52191 |
||